[Event "HEM"]
[Site "?"]
[Date "1995.??.??"]
[Round "?.3"]
[White "Meyer, F."]
[Black "Dankert, P."]
[Result "1/2-1/2"]
[WhiteElo "2295"]
[BlackElo "2235"]
[PlyCount "166"]
[EventDate "1995.??.??"]

1. e4 Nf6 2. e5 Nd5 3. c4 Nb6 4. d4 d6 5. exd6 exd6 6. Nf3 Be7 7. Bd3 Bg4 8.
Be3 Nc6 9. Nbd2 Bf6 10. Qc1 g6 11. h3 Bxf3 12. Nxf3 O-O 13. O-O d5 14. c5 Nc8
15. b4 a6 16. Qb2 N8e7 17. Rfe1 Qd7 18. Bf4 Rfc8 19. a4 Nf5 20. Be5 Nxe5 21.
Nxe5 Bxe5 22. Rxe5 Ng7 23. f4 Re8 24. Qf2 f6 25. Rxe8+ Rxe8 26. Ra2 Re7 27. b5
axb5 28. axb5 Qe8 29. Kh2 Re3 30. Ra8 Rxh3+ 31. gxh3 Qxa8 32. Qe2 Qd8 33. Bc2
Kf7 34. Kg2 Qe7 35. Qf3 Qe6 36. Kf2 Nf5 37. Qc3 h5 38. Qd3 Ne7 39. Qg3 Nf5 40.
Qc3 Kg7 41. Qd3 Ne7 42. Qa3 Kh6 43. Qf3 Nf5 44. Qd3 h4 45. Bb1 Kg7 46. Bc2 Kf7
47. Bd1 Ng3 48. Bg4 Ne4+ 49. Kg2 f5 50. Bd1 g5 51. Bh5+ Kf6 52. Qe3 b6 53. cxb6
cxb6 54. Qa3 Qd6 55. Qa8 gxf4 56. Qh8+ Kg5 57. Bf3 Qh6 58. Qd8+ Nf6 59. Kf1 Qg7
60. Qxb6 Qe7 61. Bd1 Qe3 62. Qc7 Qxh3+ 63. Ke1 Qh1+ 64. Kd2 Ne4+ 65. Kc1 f3 66.
Qg7+ Kf4 67. b6 f2 68. b7 Qxd1+ 69. Kxd1 f1=Q+ 70. Kc2 Qc4+ 71. Kb2 Qb4+ 72.
Ka1 Kf3 73. Qc7 Nc3 74. Qf4+ Ke2 75. Qh2+ Kd3 76. Qh3+ Kc4 77. Qf1+ Kb3 78. Qa6
Kc2 79. b8=Q Qxb8 80. Qd3+ Kb3 81. Qa6 Qb4 82. Qb6 Kc4 83. Qa6+ 83... Nb5 {
Es folgten noch viele weitere Zuege und Abtausch der Damen. Remise durch
Zeitueberschreitung.} 1/2-1/2

[Event "HEM"]
[Site "?"]
[Date "1995.??.??"]
[Round "?.3"]
[White "Guzman, E."]
[Black "Voigt, M."]
[Result "0-1"]
[WhiteElo "2280"]
[BlackElo "2260"]
[PlyCount "61"]
[EventDate "1995.??.??"]

1. Nf3 d5 2. d4 Nf6 3. g3 c6 4. Bg2 e6 5. O-O Be7 6. b3 O-O 7. Bb2 Nbd7 8. Nbd2
b6 9. c4 Ba6 10. Qc2 Rc8 11. e4 c5 12. exd5 exd5 13. Qf5 dxc4 14. bxc4 cxd4 15.
Nxd4 Qc7 16. Nc6 Rfe8 17. Rfe1 Bf8 18. Nb3 Bxc4 19. Nbd4 Nc5 20. Qg5 h6 21. Qf5
Bd3 22. Qh3 Na4 23. Ne6 Rxe6 24. Rxe6 fxe6 25. Qxe6+ Kh7 26. Bxf6 Nc5 27. Qd5
gxf6 28. Re1 Qd7 29. Qh5 Bg6 30. Qf3 Qf5 31. Qa3 0-1

[Event "HEM"]
[Site "?"]
[Date "1995.??.??"]
[Round "?.3"]
[White "Pajeken, W."]
[Black "Rostalski, W."]
[Result "1-0"]
[WhiteElo "2230"]
[BlackElo "2275"]
[PlyCount "71"]
[EventDate "1995.??.??"]

1. d4 Nf6 2. c4 e6 3. Nf3 d5 4. Nc3 Be7 5. Bg5 O-O 6. cxd5 exd5 7. e3 c6 8. Bd3
Ne4 9. Bxe7 Qxe7 10. Bxe4 dxe4 11. Nd2 f5 12. O-O Nd7 13. Qc2 Nf6 14. Rab1 Be6
15. b4 Rac8 16. Rfc1 Qf7 17. Ne2 Nd5 18. Nc4 Qe7 19. Qd2 Qh4 20. b5 cxb5 21.
Nd6 Rxc1+ 22. Rxc1 Qe7 23. Nxb5 a6 24. Nbc3 Nxc3 25. Rxc3 Qb4 26. a3 Qa5 27.
Qc1 b5 28. Rc5 Qa4 29. d5 Bf7 30. Nd4 g6 31. d6 Kg7 32. Rc7 Kh6 33. d7 Qa5 34.
Rc8 Kg7 35. Rxf8 Kxf8 36. Nc6 1-0

[Event "HEM"]
[Site "?"]
[Date "1995.??.??"]
[Round "?.3"]
[White "Putzbach, G."]
[Black "Schulze, S."]
[Result "0-1"]
[WhiteElo "2260"]
[BlackElo "2165"]
[PlyCount "164"]
[EventDate "1995.??.??"]

1. e4 e6 2. d4 d5 3. Nd2 c5 4. Ngf3 cxd4 5. Nxd4 Nf6 6. e5 Nfd7 7. f4 Nc6 8. c3
Be7 9. Bd3 Nc5 10. Bc2 Bd7 11. O-O Qb6 12. Rf2 a5 13. b3 g6 14. Rb1 O-O 15. a3
Nxd4 16. cxd4 Na6 17. Nf3 Rac8 18. g4 Rfe8 19. Rg2 Nc7 20. a4 Na6 21. f5 exf5
22. gxf5 Rxc2 23. Qxc2 Nb4 24. Qd1 Bxf5 25. Ra1 Be4 26. Be3 Rc8 27. Rc1 Rxc1
28. Bxc1 Qc6 29. Bd2 b5 30. Bxb4 Bxb4 31. axb5 Qxb5 32. Rf2 Bc3 33. Ng5 Qb4 34.
Nxe4 dxe4 35. Kg2 Bxd4 36. Rc2 Bxe5 37. Rc8+ Kg7 38. Qd8 Qd6 39. Qh8+ Kh6 40.
Qf8+ Qxf8 41. Rxf8 Kg7 42. Re8 Kf6 43. h3 h5 44. Rc8 Bd4 45. Rc7 Ke6 46. Rc8 f6
47. Kg3 Kf5 48. Rh8 Be5+ 49. Kg2 Kf4 50. Rc8 Bd4 51. Rd8 Bc3 52. Rc8 Bb4 53.
Rc6 Kf5 54. Kf2 g5 55. Ke3 Ke5 56. Rc8 f5 57. Re8+ Kd5 58. Rd8+ Bd6 59. Rh8 f4+
60. Kf2 Bc5+ 61. Kf1 f3 62. Rxh5 e3 63. Rxg5+ Kd6 64. Rg6+ Ke7 65. Rg3 e2+ 66.
Ke1 Bb4+ 67. Kf2 e1=Q+ 68. Kxf3 Bd6 69. Rg7+ Kf6 70. Rd7 Qg3+ 71. Ke2 Ke6 72.
Ra7 Qg2+ 73. Kd3 Qf3+ 74. Kc2 Bb4 75. Ra6+ Kd5 76. Ra8 Qc3+ 77. Kb1 Qxb3+ 78.
Kc1 Qe3+ 79. Kb2 Qd2+ 80. Kb1 Kc4 81. Rc8+ Kb3 82. Rc3+ Kxc3 0-1

[Event "HEM"]
[Site "?"]
[Date "1995.??.??"]
[Round "?.3"]
[White "Hegeler, F."]
[Black "Michna, C."]
[Result "0-1"]
[WhiteElo "2225"]
[BlackElo "2255"]
[PlyCount "120"]
[EventDate "1995.??.??"]

1. d4 Nf6 2. Nf3 g6 3. c4 Bg7 4. Nc3 O-O 5. g3 d6 6. Bg2 Nc6 7. d5 Na5 8. Nd2
c5 9. O-O Rb8 10. Rb1 a6 11. b3 b5 12. Bb2 e6 13. Qc2 b4 14. Nd1 e5 15. f4 exf4
16. gxf4 Nd7 17. Bxg7 Kxg7 18. Qb2+ Qf6 19. e4 Qxb2 20. Nxb2 f5 21. Rbe1 fxe4
22. Nxe4 Nb7 23. Ng5 Nf6 24. Re7+ Kg8 25. Rfe1 Bg4 26. Nd1 Rfe8 27. Nf2 Bf5 28.
Bh3 Bxh3 29. Nfxh3 h6 30. Rxe8+ Rxe8 31. Rxe8+ Nxe8 32. Ne6 Nf6 33. Nf2 Kf7 34.
Kf1 Ke7 35. Ke2 Nd8 36. Nxd8 Kxd8 37. Kf3 Ke7 38. h3 Kf7 39. Nd3 Ng8 40. Nf2
Ne7 41. Ne4 Nf5 42. Kf2 Ke7 43. Kf3 Kd7 44. Ng3 Nxg3 45. Kxg3 Ke7 46. Kg4 Kf6
47. Kg3 Kf5 48. Kf3 g5 49. fxg5 Kxg5 50. Kg3 h5 51. Kf3 Kh4 52. Kg2 a5 53. Kh2
Kg5 54. Kg3 h4+ 55. Kg2 Kf4 56. Kf2 Ke4 57. Ke2 Kd4 58. Kd2 a4 59. bxa4 Kxc4
60. Ke3 Kxd5 0-1

[Event "HEM"]
[Site "?"]
[Date "1995.??.??"]
[Round "?.3"]
[White "Groeppel, P."]
[Black "Hochgraefe, M."]
[Result "0-1"]
[WhiteElo "2115"]
[BlackElo "2290"]
[PlyCount "84"]
[EventDate "1995.??.??"]

1. d4 e6 2. c4 Nf6 3. Nc3 Bb4 4. e3 O-O 5. Nge2 d5 6. a3 Be7 7. Ng3 dxc4 8.
Bxc4 c5 9. O-O cxd4 10. exd4 Nbd7 11. Bg5 Nb6 12. Ba2 Bd7 13. Qd3 Bc6 14. Rad1
Rc8 15. f3 Nfd5 16. Bb1 g6 17. Bxe7 Qxe7 18. Nxd5 Bxd5 19. Rfe1 Rfd8 20. Ne4
Kg7 21. Rc1 Rc4 22. Nc3 Bc6 23. d5 Bxd5 24. Ba2 Bc6 25. Bxc4 Rxd3 26. Bxd3 Nc4
27. Nd1 Nd2 28. Re3 Qg5 29. Kf2 Qh4+ 30. Ke2 Nb3 31. Rc3 Nd4+ 32. Kf1 Qxh2 33.
Nf2 f5 34. b4 a6 35. a4 Kf6 36. Rc4 e5 37. Rc5 Qf4 38. Re1 Bxf3 39. gxf3 Nxf3
40. Re2 e4 41. Bxe4 fxe4 42. Rxe4 Nd2+ 0-1

[Event "HEM"]
[Site "?"]
[Date "1995.??.??"]
[Round "?.3"]
[White "Nogly, C."]
[Black "Menk, R."]
[Result "1/2-1/2"]
[WhiteElo "2230"]
[BlackElo "2305"]
[PlyCount "107"]
[EventDate "1995.??.??"]

1. d4 g6 2. c4 Bg7 3. Nc3 d6 4. Nf3 Bg4 5. e3 Nd7 6. Be2 e5 7. h3 Bxf3 8. Bxf3
c6 9. d5 c5 10. e4 h5 11. Qb3 b6 12. a4 a5 13. Nb5 Nb8 14. g4 hxg4 15. hxg4
Rxh1+ 16. Bxh1 Na6 17. Qh3 Nb4 18. Kd1 Qd7 19. Ra3 Nf6 20. Bf3 Ke7 21. Qg2 Rh8
22. Be2 Qd8 23. Bg5 Rh7 24. f4 Qh8 25. fxe5 Rh1+ 26. Kd2 dxe5 27. Qg3 Qh2 28.
Qxh2 Rxh2 29. Rf3 Bh6 30. d6+ Kd7 31. Bxh6 Nxe4+ 32. Ke3 Nxd6 33. Nxd6 Kxd6 34.
Rf6+ Ke7 35. Bg5 Ke8 36. Rd6 f6 37. Rxf6 Nc2+ 38. Kd3 Nd4 39. Bf3 Nxf3 40. Rxf3
Rxb2 41. Bd2 e4+ 42. Kxe4 Rxd2 43. Rf6 Rd4+ 44. Ke5 Rxc4 45. Rxg6 Rxa4 46. Rxb6
Rxg4 47. Kd5 Rg5+ 48. Kc4 Kd7 49. Ra6 a4 50. Kb5 Kc7 51. Kxa4 Kb7 52. Rh6 Rg7
53. Kb5 Rc7 54. Rb6+ 1/2-1/2

[Event "HEM"]
[Site "?"]
[Date "1995.??.??"]
[Round "?.3"]
[White "Schulz, H.J."]
[Black "Beyer, H.J."]
[Result "1-0"]
[WhiteElo "2245"]
[BlackElo "2185"]
[PlyCount "116"]
[EventDate "1995.??.??"]

1. e4 e5 2. d4 d6 3. Nf3 Nc6 4. Bb5 Bd7 5. c3 Nf6 6. Qe2 exd4 7. cxd4 Be7 8.
Nc3 O-O 9. e5 Ne8 10. Bf4 a6 11. Bc4 Rb8 12. Rd1 Bf5 13. h3 b5 14. Bd5 Nb4 15.
Bb3 Qd7 16. a3 Nc6 17. e6 fxe6 18. g4 d5 19. gxf5 Rxf5 20. Ne5 Nxe5 21. Bxe5
Bh4 22. O-O b4 23. Ba4 Qe7 24. axb4 Rg5+ 25. Kh1 Rxb4 26. Bxe8 Qxe8 27. Rg1 Rg6
28. Bxc7 Qf7 29. Bd6 Qf5 30. Kh2 Rb6 31. Be5 Qxf2+ 32. Qxf2 Bxf2 33. Rxg6 hxg6
34. Rd2 Be1 35. Rc2 Bxc3 36. bxc3 Rc6 37. Kg3 Kh7 38. Kg4 Kh6 39. Bf4+ Kh7 40.
Kg5 a5 41. Be5 Rb6 42. Rf2 Rb7 43. Ra2 Ra7 44. Ra4 Ra8 45. Bc7 Ra7 46. Bxa5 Ra8
47. Ra3 Ra7 48. Bb4 Rf7 49. Ra6 Rf5+ 50. Kg4 e5 51. dxe5 Rxe5 52. Bc5 Re4+ 53.
Kg3 Re5 54. Bd4 Rg5+ 55. Kf4 Rf5+ 56. Kg4 Kh6 57. h4 Kh7 58. Ra7 Rf8 1-0

[Event "HEM"]
[Site "?"]
[Date "1995.??.??"]
[Round "?.4"]
[White "von Buelow, G."]
[Black "Joecks, C."]
[Result "0-1"]
[WhiteElo "2285"]
[BlackElo "2370"]
[PlyCount "44"]
[EventDate "1995.??.??"]

1. e4 c5 2. Nf3 d6 3. d4 cxd4 4. Nxd4 Nf6 5. Nc3 a6 6. f4 e6 7. Qf3 Qb6 8. Nb3
Qc7 9. g4 b5 10. Bd3 Bb7 11. g5 Nfd7 12. Qh3 g6 13. Be3 Bg7 14. O-O-O Nc5 15.
Qg2 Nbd7 16. Kb1 Bxc3 17. bxc3 Na4 18. Rde1 e5 19. Qd2 Nxc3+ 20. Kb2 Nxe4 21.
Qb4 a5 22. Qxb5 Bc6 0-1

[Event "HEM"]
[Site "?"]
[Date "1995.??.??"]
[Round "?.4"]
[White "Voigt, M."]
[Black "Mach, H."]
[Result "1-0"]
[WhiteElo "2260"]
[BlackElo "2290"]
[PlyCount "103"]
[EventDate "1995.??.??"]

1. e4 c5 2. Nc3 Nc6 3. Nge2 Nf6 4. d4 cxd4 5. Nxd4 e5 6. Ndb5 d6 7. Bg5 a6 8.
Na3 b5 9. Nd5 Be7 10. Bxf6 Bxf6 11. c3 O-O 12. Nc2 Rb8 13. a3 g6 14. g3 Bg7 15.
h4 Be6 16. Ncb4 Nxb4 17. axb4 Ra8 18. h5 h6 19. Ra5 Kh7 20. Be2 Bxd5 21. Qxd5
Qg5 22. Ra1 Bf6 23. Kf1 Kg7 24. Bxb5 Be7 25. Bc6 Rad8 26. Rxa6 f5 27. Ra7 fxe4
28. Qxe4 Rf5 29. g4 Rf4 30. Qxg6+ Kh8 31. Qxg5 Bxg5 32. Ke2 e4 33. Ra8 Rxg4 34.
Rha1 Rf4 35. b5 Rff8 36. c4 Kg7 37. Rxd8 Bxd8 38. Bxe4 Bb6 39. f3 Kf6 40. b4
Ke5 41. Ra6 Rb8 42. Kd3 Bg1 43. Bd5 Bb6 44. f4+ Kxf4 45. Rxb6 Rxb6 46. Kd4 Kf5
47. Bc6 Ke6 48. c5 Rb8 49. b6 dxc5+ 50. bxc5 Rd8+ 51. Kc4 Ke5 52. b7 1-0

[Event "HEM"]
[Site "?"]
[Date "1995.??.??"]
[Round "?.4"]
[White "Meyer, F."]
[Black "Sack, B.W."]
[Result "1/2-1/2"]
[WhiteElo "2295"]
[BlackElo "2185"]
[PlyCount "104"]
[EventDate "1995.??.??"]

1. e4 e6 2. Nf3 d5 3. Nc3 Nf6 4. e5 Nfd7 5. d4 c5 6. dxc5 Bxc5 7. Bd3 Nc6 8.
Bf4 a6 9. O-O Be7 10. Bg3 g5 11. Re1 h5 12. h3 Nc5 13. a3 Bd7 14. Rc1 b5 15.
Bf1 b4 16. axb4 Nxb4 17. Nd4 Rb8 18. Ra1 h4 19. Bh2 Qb6 20. Kh1 Nc6 21. Nxc6
Qxc6 22. Qd4 Rc8 23. Re3 Ne4 24. Nxe4 dxe4 25. Rc3 Bc5 26. Qd2 e3 27. fxe3 Ra8
28. Qd3 Qb6 29. Rb3 Qc6 30. Rc3 Qb6 31. Rxa6 Rxa6 32. Qxa6 Ke7 33. Bg1 Qxa6 34.
Bxa6 Ra8 35. Bb7 Ra5 36. Kh2 Ba7 37. e4 Bxg1+ 38. Kxg1 Rxe5 39. b3 Ra5 40. Kf2
Kd6 41. Kf3 Ra7 42. e5+ Kxe5 43. Bc8 Be8 44. Kg4 Kd6 45. Kxg5 Bc6 46. Kf6 Ra8
47. Rd3+ Kc7 48. Bxe6 fxe6 49. Kxe6 Rg8 50. Rd4 Rxg2 51. Rxh4 Bd7+ 52. Kd5 Rxc2
1/2-1/2

[Event "HEM"]
[Site "?"]
[Date "1995.??.??"]
[Round "?.4"]
[White "Michna, C."]
[Black "Dankert, P."]
[Result "1/2-1/2"]
[WhiteElo "2255"]
[BlackElo "2275"]
[PlyCount "95"]
[EventDate "1995.??.??"]

1. e4 Nf6 2. Nc3 d5 3. e5 Nfd7 4. f4 e6 5. Nf3 c5 6. g3 Nc6 7. Bg2 Be7 8. O-O
a6 9. a4 O-O 10. d3 f6 11. exf6 Nxf6 12. Re1 Bd6 13. b3 Qc7 14. Bb2 Bd7 15. Qd2
Rae8 16. Re2 Nd4 17. Nxd4 cxd4 18. Nd1 Bc5 19. Nf2 a5 20. Ba3 Bxa3 21. Rxa3 Rc8
22. Ra1 Qc3 23. Qxc3 Rxc3 24. Rd1 Rfc8 25. Rdd2 Kf7 26. Bh3 g6 27. Ng4 Nxg4 28.
Bxg4 Ke7 29. h4 Kd6 30. Kf1 h5 31. Bh3 Re8 32. Re5 Rec8 33. Ree2 Ke7 34. Ke1 b5
35. axb5 Rb8 36. Re5 Rxb5 37. Rde2 Rc6 38. g4 hxg4 39. Bxg4 Kf6 40. h5 a4 41.
bxa4 Rb1+ 42. Kf2 gxh5 43. Rxh5 Rb2 44. Rh7 Bc8 45. Bh5 Rb7 46. Rxb7 Bxb7 47.
Be8 Rc7 48. Kf3 1/2-1/2

[Event "HEM"]
[Site "?"]
[Date "1995.??.??"]
[Round "?.4"]
[White "Schulze, S."]
[Black "Pajeken, W."]
[Result "1/2-1/2"]
[WhiteElo "2165"]
[BlackElo "2230"]
[PlyCount "35"]
[EventDate "1995.??.??"]

1. c4 e5 2. Nc3 Nc6 3. Nf3 Nf6 4. g3 g6 5. d4 exd4 6. Nxd4 Bg7 7. Nxc6 bxc6 8.
Bg2 O-O 9. O-O Bb7 10. Bg5 h6 11. Be3 Qe7 12. Qd2 Kh7 13. Rad1 Qb4 14. Ne4 Qxd2
15. Nxf6+ Bxf6 16. Rxd2 d6 17. Rb1 a5 18. Bd4 1/2-1/2

[Event "HEM"]
[Site "?"]
[Date "1995.??.??"]
[Round "?.4"]
[White "Reddmann, H."]
[Black "Wendt, J."]
[Result "1-0"]
[WhiteElo "2285"]
[BlackElo "2230"]
[PlyCount "103"]
[EventDate "1995.??.??"]

1. d4 d5 2. Nf3 Nf6 3. Bf4 g6 4. e3 Bg7 5. c4 O-O 6. Nc3 c5 7. Qb3 cxd4 8. Nxd4
Na6 9. Rd1 dxc4 10. Bxc4 Qa5 11. Qb5 Qxb5 12. Ndxb5 Bf5 13. f3 Nc5 14. Nc7 Rad8
15. e4 Bc8 16. Ke2 Rxd1 17. Rxd1 Nfxe4 18. Nxe4 Nxe4 19. Nd5 Bxb2 20. fxe4 Bg4+
21. Ke1 Bxd1 22. Nxe7+ Kg7 23. Kxd1 Re8 24. Nd5 Rxe4 25. Bb3 Be5 26. Be3 Bd4
27. Bf4 a6 28. h3 Be5 29. Be3 Bd4 30. Bc1 b5 31. Kd2 f5 32. Kd3 Be5 33. Be3 a5
34. Nb6 Bc7 35. Nd7 a4 36. Bd5 Re8 37. Bc6 Rd8 38. Bxb5 f4 39. Bd4+ Kf7 40.
Bxa4 Ke7 41. Bf6+ Ke6 42. Bxd8 Bxd8 43. Kd4 g5 44. Ne5 Bc7 45. Bb3+ Kf6 46. Nc6
h6 47. a4 h5 48. a5 g4 49. hxg4 hxg4 50. a6 f3 51. gxf3 g3 52. a7 1-0

[Event "HEM"]
[Site "?"]
[Date "1995.??.??"]
[Round "?.4"]
[White "Kunsztowicz, U."]
[Black "Hochgraefe, M."]
[Result "1-0"]
[WhiteElo "2315"]
[BlackElo "2290"]
[PlyCount "73"]
[EventDate "1995.??.??"]

1. d4 e6 2. g3 Nf6 3. Bg2 d5 4. Nf3 c5 5. c4 dxc4 6. O-O Nc6 7. Qa4 Bd7 8. Qxc4
b5 9. Qd3 Rc8 10. Nc3 c4 11. Qb1 b4 12. Ne4 Be7 13. Bf4 Nxe4 14. Qxe4 O-O 15.
h4 f5 16. Qe3 Qb6 17. Rfc1 Na5 18. Ne5 Bb5 19. Nf3 c3 20. b3 Rfe8 21. h5 Bf8
22. h6 g6 23. Ne5 Red8 24. Bg5 Rd6 25. Nf3 Re8 26. Bf4 Rdd8 27. Be5 Bc6 28. Qg5
Rd5 29. Qf6 Rxe5 30. Nxe5 Bb5 31. a4 Nxb3 32. axb5 Qc7 33. Nxg6 hxg6 34. Qxg6+
Kh8 35. Qxe8 Nxa1 36. Qxf8+ Kh7 37. Qxb4 1-0

[Event "HEM"]
[Site "?"]
[Date "1995.??.??"]
[Round "?.4"]
[White "Rostalski, W."]
[Black "Nogly, C."]
[Result "0-1"]
[WhiteElo "2275"]
[BlackElo "2230"]
[PlyCount "78"]
[EventDate "1995.??.??"]

1. e4 e5 2. Nf3 Nc6 3. Bb5 Nf6 4. O-O Bc5 5. c3 O-O 6. d4 Bb6 7. dxe5 Nxe4 8.
Qd5 Nc5 9. Bg5 Qe8 10. Nbd2 d6 11. Nb3 Be6 12. Qd1 Nxb3 13. axb3 dxe5 14. Nxe5
f6 15. Nf3 fxg5 16. Re1 Rd8 17. Qb1 Qh5 18. Rxe6 g4 19. Bxc6 bxc6 20. Nd4 c5
21. Ne2 Qf7 22. Qe4 Qxf2+ 23. Kh1 c4 24. Ng3 Qxb2 25. Rb1 Qxb3 26. Qe1 Qa4 27.
Re7 Qc6 28. Nh5 Rf7 29. Rxf7 Kxf7 30. Qe5 Qg6 31. Rf1+ Kg8 32. Ng3 Re8 33. Qb5
Qe6 34. Nh5 Rf8 35. Rd1 c6 36. Qg5 Qg6 37. Qe5 Qf7 38. h3 gxh3 39. Rd2 Bc7 0-1

[Event "HEM"]
[Site "?"]
[Date "1995.??.??"]
[Round "?.4"]
[White "Zieher, H."]
[Black "Putzbach, G."]
[Result "0-1"]
[WhiteElo "2230"]
[BlackElo "2260"]
[PlyCount "78"]
[EventDate "1995.??.??"]

1. e4 e6 2. d4 d5 3. Nd2 Nf6 4. e5 Nfd7 5. c3 c5 6. Bd3 Nc6 7. Ne2 cxd4 8. cxd4
f6 9. exf6 Nxf6 10. O-O Bd6 11. Nf3 Qc7 12. Nc3 a6 13. Bg5 O-O 14. Bh4 Nh5 15.
Re1 g6 16. Rc1 Qg7 17. Bf1 Bd7 18. Na4 Rxf3 19. Qxf3 Qxd4 20. Qb3 Qxh4 21. g3
Qd8 22. Nc5 Bxc5 23. Rxc5 Nd4 24. Qc3 b6 25. Rxd5 exd5 26. Qxd4 Nf6 27. Bg2 Bf5
28. h3 Rc8 29. g4 Be4 30. f3 Rc4 31. Qd2 Bc2 32. Bf1 Rc6 33. b3 b5 34. Rc1 Qb6+
35. Kh1 Qc7 36. g5 Ne4 37. Qxd5+ Kf8 38. Bg2 Ng3+ 39. Kg1 Ne2+ 0-1

[Event "HEM"]
[Site "?"]
[Date "1995.??.??"]
[Round "?.4"]
[White "Hegeler, F."]
[Black "Schulz, H.J."]
[Result "1/2-1/2"]
[WhiteElo "2225"]
[BlackElo "2245"]
[PlyCount "80"]
[EventDate "1995.??.??"]

1. d4 d5 2. Nf3 c5 3. c4 Nf6 4. cxd5 cxd4 5. Qxd4 Qxd5 6. Nc3 Qh5 7. e4 Bd7 8.
Be2 Nc6 9. Qa4 e5 10. Be3 Bb4 11. Qb3 Be6 12. Qc2 Ng4 13. Bd2 Bc5 14. Nd1 Bb6
15. h3 Nf6 16. Qa4 O-O 17. Nc3 h6 18. Nd4 Qg6 19. Nxc6 bxc6 20. g4 Rfd8 21. f3
Rd4 22. Qc2 Rad8 23. Bc1 Nd7 24. Na4 Ba5+ 25. Kf2 Nb6 26. Nc3 Nc4 27. Bxc4 Bxc4
28. Be3 Rd3 29. Rad1 Qf6 30. Rxd3 Rxd3 31. Nd1 Ba6 32. Qa4 Qd8 33. b4 Rxe3 34.
Nxe3 Qd2+ 35. Kg3 Qxe3 36. bxa5 Qf4+ 37. Kg2 Qd2+ 38. Kg3 Qf4+ 39. Kg2 Qd2+ 40.
Kg3 Qf4+ 1/2-1/2

[Event "HEM"]
[Site "?"]
[Date "1995.??.??"]
[Round "?.4"]
[White "Menk, R."]
[Black "Groeppel, P."]
[Result "0-1"]
[WhiteElo "2305"]
[BlackElo "2115"]
[PlyCount "99"]
[EventDate "1995.??.??"]

1. Nf3 Nf6 2. b3 d5 3. Bb2 Nbd7 4. c4 e6 5. d3 c5 6. e3 Be7 7. Be2 O-O 8. O-O
b6 9. Nbd2 Bb7 10. Ne5 Nxe5 11. Bxe5 Nd7 12. Bg3 f5 13. cxd5 exd5 14. Nf3 d4
15. Qc1 dxe3 16. Qc4+ Kh8 17. fxe3 Bf6 18. Rae1 Qe7 19. Bd1 Rac8 20. Re2 a6 21.
Qf4 g6 22. h4 Bxf3 23. gxf3 Be5 24. Qg5 Qxg5 25. hxg5 Bxg3 26. f4 h5 27. Kg2 h4
28. Kf3 Kg7 29. Rd2 Nb8 30. d4 cxd4 31. Rxd4 Rfd8 32. Rxd8 Rxd8 33. Be2 Rd2 34.
Rc1 Nd7 35. Rc7 Kf7 36. Ra7 a5 37. a4 Ke7 38. Ra8 Nc5 39. Rg8 Ne4 40. Rg7+ Kf8
41. Rxg6 h3 42. Rxb6 h2 43. Rh6 Kg7 44. Rh5 Rb2 45. Rh3 Rb1 46. Bd3 h1=Q+ 47.
Rxh1 Rxh1 48. Bxe4 fxe4+ 49. Kxg3 Rf1 50. Kg4 0-1

[Event "HEM"]
[Site "?"]
[Date "1995.??.??"]
[Round "?.5"]
[White "Joecks, C."]
[Black "Voigt, M."]
[Result "1/2-1/2"]
[WhiteElo "2370"]
[BlackElo "2260"]
[PlyCount "60"]
[EventDate "1995.??.??"]

1. e4 e6 2. d4 d5 3. Nd2 Nf6 4. e5 Nfd7 5. c3 c5 6. Bd3 Nc6 7. Ne2 cxd4 8. cxd4
f6 9. exf6 Nxf6 10. Nf3 Bd6 11. O-O Qb6 12. Bf4 Bxf4 13. Nxf4 Qxb2 14. Re1 O-O
15. Nxe6 Bxe6 16. Rxe6 Rae8 17. Rxe8 Rxe8 18. Qc1 Qb4 19. Rb1 Qe7 20. h3 Ne4
21. Bxe4 dxe4 22. Qc4+ Kh8 23. Re1 Qd8 24. Nd2 Qxd4 25. Qf7 Qd8 26. Nxe4 Re7
27. Qf4 h6 28. Re3 Qd5 29. Nc3 Qf7 30. Qg3 Kh7 1/2-1/2

[Event "HEM"]
[Site "?"]
[Date "1995.??.??"]
[Round "?.5"]
[White "Dankert, P."]
[Black "Kunsztowicz, U."]
[Result "0-1"]
[WhiteElo "2275"]
[BlackElo "2315"]
[PlyCount "64"]
[EventDate "1995.??.??"]

1. d4 Nf6 2. c4 g6 3. Nc3 d5 4. cxd5 Nxd5 5. e4 Nxc3 6. bxc3 Bg7 7. Bb5+ c6 8.
Ba4 O-O 9. Ne2 b5 10. Bb3 Bb7 11. O-O c5 12. f3 cxd4 13. cxd4 a5 14. Be3 a4 15.
Bc2 Nc6 16. Rb1 Ba6 17. Rf2 Qa5 18. d5 Ne5 19. Bc5 Qc7 20. Bb4 Qa7 21. h3 Rfd8
22. Bc3 Rac8 23. Bd4 Qc7 24. Rc1 b4 25. Bd3 Qa5 26. Rxc8 Rxc8 27. Bxa6 Qxa6 28.
f4 Nd3 29. Rf3 Bxd4+ 30. Kh2 Ne5 31. Nxd4 Nxf3+ 32. Qxf3 b3 0-1

[Event "HEM"]
[Site "?"]
[Date "1995.??.??"]
[Round "?.5"]
[White "von Buelow, G."]
[Black "Meyer, F."]
[Result "1-0"]
[WhiteElo "2285"]
[BlackElo "2295"]
[PlyCount "127"]
[EventDate "1995.??.??"]

1. e4 e5 2. Nf3 d6 3. d4 exd4 4. Nxd4 Nf6 5. Nc3 Be7 6. Be2 c5 7. Bb5+ Kf8 8.
Nde2 a6 9. Bc4 Nc6 10. a4 h6 11. O-O g6 12. h3 Kg7 13. b3 Rb8 14. Bb2 Rf8 15.
Nd5 Kh7 16. Nxe7 Qxe7 17. Ng3 b5 18. axb5 axb5 19. Be2 Rd8 20. Re1 Ng8 21. Kh2
Be6 22. Qc1 c4 23. bxc4 bxc4 24. Bc3 Na7 25. Qd2 Nb5 26. Bb4 Qf6 27. f4 c3 28.
Qe3 Qd4 29. Bxb5 Qxb4 30. Bd3 Qb6 31. Qxb6 Rxb6 32. Ra3 d5 33. Rxc3 dxe4 34.
Nxe4 Bf5 35. g4 Bxe4 36. Rxe4 Rd7 37. Rcc4 Kg7 38. Re8 Nf6 39. Ra8 Rb2 40. Kg3
Re7 41. Kf3 Nd5 42. Re4 Rxe4 43. Bxe4 Nc3 44. Bd3 Rb7 45. Rc8 Na4 46. h4 Re7
47. c4 Re1 48. Be4 Rf1+ 49. Ke3 Re1+ 50. Kd4 Rd1+ 51. Ke3 Re1+ 52. Kf3 Rf1+ 53.
Kg3 Rg1+ 54. Bg2 Rc1 55. Rc7 Rc3+ 56. Kh2 Rc2 57. Kg1 Nb2 58. Bd5 Nd3 59. Rxf7+
Kh8 60. Rf6 Rc1+ 61. Kg2 Kg7 62. g5 hxg5 63. hxg5 Re1 64. Kf3 1-0

[Event "HEM"]
[Site "?"]
[Date "1995.??.??"]
[Round "?.5"]
[White "Mach, H."]
[Black "Michna, C."]
[Result "1/2-1/2"]
[WhiteElo "2290"]
[BlackElo "2255"]
[PlyCount "37"]
[EventDate "1995.??.??"]

1. e4 d5 2. exd5 Qxd5 3. Nc3 Qa5 4. d4 c6 5. Nf3 Nf6 6. Bc4 Bf5 7. Ne5 e6 8.
Bd2 Nbd7 9. Nxd7 Nxd7 10. Qe2 Bb4 11. a3 Bxc3 12. Bxc3 Qc7 13. O-O-O O-O-O 14.
Kb1 Nb6 15. f3 Nxc4 16. Qxc4 Rd5 17. Rd2 Rhd8 18. g4 Bg6 19. Rhd1 1/2-1/2

[Event "HEM"]
[Site "?"]
[Date "1995.??.??"]
[Round "?.5"]
[White "Pajeken, W."]
[Black "Reddmann, H."]
[Result "1/2-1/2"]
[WhiteElo "2230"]
[BlackElo "2285"]
[PlyCount "40"]
[EventDate "1995.??.??"]

1. d4 f5 2. g3 e6 3. Nf3 b6 4. Bg2 Bb7 5. O-O Nf6 6. c4 a5 7. d5 exd5 8. Nh4 g6
9. cxd5 Na6 10. Nc3 Nc5 11. Bg5 Bg7 12. Qd2 O-O 13. d6 Bxg2 14. dxc7 Qxc7 15.
Nxg2 Nce4 16. Nxe4 Nxe4 17. Qd5+ Kh8 18. Rac1 Qe5 19. Qxe5 Bxe5 20. Be3 Bxb2
1/2-1/2

[Event "HEM"]
[Site "?"]
[Date "1995.??.??"]
[Round "?.5"]
[White "Nogly, C."]
[Black "Schulze, S."]
[Result "1-0"]
[WhiteElo "2230"]
[BlackElo "2165"]
[PlyCount "87"]
[EventDate "1995.??.??"]

1. d4 Nf6 2. c4 c5 3. d5 e6 4. Nc3 exd5 5. cxd5 d6 6. Nf3 g6 7. g3 Bg7 8. Bg2
O-O 9. O-O a6 10. a4 Nbd7 11. Re1 Re8 12. e4 c4 13. Bf1 Qc7 14. Qe2 Nc5 15.
Qxc4 Bg4 16. Bg2 Nfd7 17. Bf4 Nb6 18. Qf1 Bxc3 19. bxc3 Nxe4 20. c4 Qxc4 21.
Qxc4 Nxc4 22. Rac1 Nb2 23. Re3 Nxa4 24. Nd4 Nf6 25. Bxd6 Rxe3 26. fxe3 Rc8 27.
Rf1 Ne8 28. Be7 Kg7 29. d6 Nc5 30. Bd5 f6 31. Rc1 Bd7 32. e4 h5 33. h4 b6 34.
Rf1 Nd3 35. Ne6+ Kh6 36. Nf8 Ne5 37. Nxd7 Nxd7 38. Be6 Nxd6 39. Bxd6 Rc6 40.
Bf4+ g5 41. Bxd7 Rc3 42. hxg5+ fxg5 43. Be5 Rd3 44. Rf6+ 1-0

[Event "HEM"]
[Site "?"]
[Date "1995.??.??"]
[Round "?.5"]
[White "Putzbach, G."]
[Black "Ritscher, J.P."]
[Result "0-1"]
[WhiteElo "2260"]
[BlackElo "2300"]
[PlyCount "126"]
[EventDate "1995.??.??"]

1. e4 Nf6 2. e5 Nd5 3. d4 d6 4. Nf3 Nc6 5. c4 Nb6 6. e6 fxe6 7. Nc3 e5 8. d5
Nb4 9. a3 Na6 10. Ng5 Bf5 11. g4 Bg6 12. b4 Qc8 13. Qf3 h6 14. Ne6 c6 15. c5
Nxd5 16. Nxd5 Qxe6 17. Bxa6 cxd5 18. Bxb7 Be4 19. Bc6+ Kd8 20. Qb3 Rc8 21. b5
Bxh1 22. Bd2 dxc5 23. Ba5+ Rc7 24. O-O-O Kc8 25. Bxc7 Kxc7 26. Qa4 Kb8 27. b6
a5 28. Rxh1 Qd6 29. b7 Qd8 30. Re1 e4 31. f3 e6 32. fxe4 d4 33. e5 d3 34. Re4
Qb6 35. Bb5 Be7 36. Bxd3 Rd8 37. Qb5 Bg5+ 38. Kc2 Kxb7 39. Re2 Qxb5 40. Bxb5
Rd4 41. h3 Bf4 42. Kb3 Kc7 43. Bc4 Kd7 44. Kc3 a4 45. Bb5+ Kd8 46. Kc2 Ke7 47.
Bc6 Kf7 48. Bb5 Ke7 49. h4 Bg3 50. h5 Rxg4 51. Rg2 Rg5 52. Bxa4 Bxe5 53. Rxg5
hxg5 54. Bc6 Kd6 55. Bf3 c4 56. Be2 Kd5 57. Bf3+ Kd4 58. Bg4 Bd6 59. a4 e5 60.
a5 Bc5 61. a6 Kd5 62. Bf3+ e4 63. Be2 Bd4 0-1